[Event "DEM U16 2024"]
[Site "Willingen GER"]
[Date "2024.05.25"]
[Round "9"]
[White "Deschler, Arne"]
[Black "Semling, Julius"]
[Result "0-1"]
[Termination "normal"]
[Board "5"]
[WhiteElo "1989"]
[BlackElo "2204"]
[WhiteClock "00:39:20"]
[BlackClock "00:01:47"]
[PlyCount "120"]
[WhiteFideId "16274415"]
[BlackFideId "16290160"]
[EventCountry "GER"]
[EventRounds "9"]
[EventType "swiss"]
[EventDate "2024.05.18"]

1. e4 {[%clk 01:30:59]} c5 {[%clk 01:30:54]} {[%emt 00:00:07]} 2. Nf3 {[%clk
01:31:26]} {[%emt 00:00:03]} d6 {[%clk 01:31:15]} {[%emt 00:00:08]} 3. d4
{[%clk 01:31:52]} {[%emt 00:00:04]} cxd4 {[%clk 01:31:37]} {[%emt 00:00:08]} 4.
Nxd4 {[%clk 01:32:19]} {[%emt 00:00:03]} Nf6 {[%clk 01:31:54]} {[%emt
00:00:13]} 5. Nc3 {[%clk 01:32:45]} {[%emt 00:00:04]} Nc6 {[%clk 01:32:16]}
{[%emt 00:00:08]} 6. f3 {[%clk 01:33:09]} {[%emt 00:00:07]} e5 {[%clk
01:32:15]} {[%emt 00:00:30]} 7. Nb3 {[%clk 01:33:20]} {[%emt 00:00:19]} Be6
{[%clk 01:32:03]} {[%emt 00:00:41]} 8. Be3 {[%clk 01:33:49]} {[%emt 00:00:01]}
Be7 {[%clk 01:31:42]} {[%emt 00:00:51]} 9. Qd2 {[%clk 01:33:14]} {[%emt
00:01:05]} d5 {[%clk 01:29:54]} {[%emt 00:02:17]} 10. exd5 {[%clk 01:32:29]}
{[%emt 00:01:16]} Nxd5 {[%clk 01:30:23]} {[%emt 00:00:02]} 11. Nxd5 {[%clk
01:32:01]} {[%emt 00:00:58]} Qxd5 {[%clk 01:29:39]} {[%emt 00:01:14]} 12. O-O-O
{[%clk 01:26:32]} {[%emt 00:06:00]} Qxd2+ {[%clk 01:24:10]} {[%emt 00:05:59]}
13. Rxd2 {[%clk 01:26:01]} {[%emt 00:01:01]} Rd8 {[%clk 01:18:45]} {[%emt
00:05:54]} 14. Rxd8+ {[%clk 01:21:53]} {[%emt 00:04:39]} Kxd8 {[%clk 01:18:40]}
{[%emt 00:00:35]} 15. Nc5 {[%clk 01:20:46]} {[%emt 00:01:37]} Bc8 {[%clk
01:17:09]} {[%emt 00:02:00]} 16. Bc4 {[%clk 01:13:15]} {[%emt 00:08:01]} Rf8
{[%clk 01:15:44]} {[%emt 00:01:55]} 17. Rd1+ {[%clk 01:12:35]} {[%emt
00:01:11]} Kc7 {[%clk 01:15:27]} {[%emt 00:00:47]} 18. Ne4 {[%clk 01:08:47]}
{[%emt 00:04:18]} b6 {[%clk 00:54:35]} {[%emt 00:21:22]} 19. Nc3 {[%clk
01:02:47]} {[%emt 00:06:30]} Kb8 {[%clk 00:51:33]} {[%emt 00:03:31]} 20. Nd5
{[%clk 01:01:47]} {[%emt 00:01:31]} Bd8 {[%clk 00:50:16]} {[%emt 00:01:46]} 21.
Bb5 {[%clk 00:59:52]} {[%emt 00:02:25]} Kb7 {[%clk 00:48:01]} {[%emt 00:02:46]}
22. a4 {[%clk 00:54:50]} {[%emt 00:05:32]} Be6 {[%clk 00:45:05]} {[%emt
00:03:26]} 23. c3 {[%clk 00:52:47]} {[%emt 00:02:33]} f5 {[%clk 00:38:36]}
{[%emt 00:06:58]} 24. Kc2 {[%clk 00:42:40]} {[%emt 00:10:38]} h6 {[%clk
00:31:19]} {[%emt 00:07:47]} 25. b3 {[%clk 00:40:28]} {[%emt 00:02:43]} Na5
{[%clk 00:27:17]} {[%emt 00:04:31]} 26. Kb2 {[%clk 00:35:44]} {[%emt 00:05:14]}
Nc6 {[%clk 00:21:39]} {[%emt 00:06:09]} 27. Nb4 {[%clk 00:35:16]} {[%emt
00:00:57]} Nxb4 {[%clk 00:20:03]} {[%emt 00:02:06]} 28. cxb4 {[%clk 00:35:40]}
{[%emt 00:00:06]} Bf6 {[%clk 00:15:15]} {[%emt 00:05:17]} 29. Rd6 {[%clk
00:34:05]} {[%emt 00:02:06]} Bc8 {[%clk 00:14:01]} {[%emt 00:01:44]} 30. a5
{[%clk 00:30:34]} {[%emt 00:04:01]} Be7 {[%clk 00:09:35]} {[%emt 00:04:56]} 31.
a6+ {[%clk 00:26:29]} {[%emt 00:04:36]} Kb8 {[%clk 00:09:04]} {[%emt 00:01:01]}
32. Rd1 {[%clk 00:20:17]} {[%emt 00:06:43]} Bxb4 {[%clk 00:08:29]} {[%emt
00:01:04]} 33. Rd5 {[%clk 00:20:32]} {[%emt 00:00:14]} Be7 {[%clk 00:02:54]}
{[%emt 00:06:05]} 34. Rxe5 {[%clk 00:19:07]} {[%emt 00:01:56]} Bf6 {[%clk
00:01:44]} {[%emt 00:01:40]} 35. Bd4 {[%clk 00:18:55]} {[%emt 00:00:42]} Kc7
{[%clk 00:01:08]} {[%emt 00:01:07]} 36. Bc3 {[%clk 00:16:11]} {[%emt 00:03:14]}
Bxe5 {[%clk 00:00:50]} {[%emt 00:00:48]} 37. Bxe5+ {[%clk 00:16:40]} Kd8 {[%clk
00:01:19]} {[%emt 00:00:01]} 38. Bxg7 {[%clk 00:16:57]} {[%emt 00:00:14]} Rf7
{[%clk 00:00:34]} {[%emt 00:01:15]} 39. Bxh6 {[%clk 00:17:25]} {[%emt
00:00:02]} Be6 {[%clk 00:00:51]} {[%emt 00:00:12]} 40. Bg5+ {[%clk 00:17:00]}
{[%emt 00:00:56]} Kc8 {[%clk 00:00:57]} {[%emt 00:00:24]} 41. Bc6 {[%clk
00:16:09]} {[%emt 00:01:21]} Kc7 {[%clk 00:00:35]} {[%emt 00:00:53]} 42. Bb7
{[%clk 00:15:38]} {[%emt 00:01:01]} Kd6 {[%clk 00:23:07]} {[%emt 00:07:57]} 43.
Bf4+ {[%clk 00:43:37]} {[%emt 00:02:31]} Kc5 {[%clk 00:23:00]} {[%emt
00:00:35]} 44. Kc3 {[%clk 00:42:50]} {[%emt 00:01:18]} Rh7 {[%clk 00:19:40]}
{[%emt 00:03:50]} 45. Bb8 {[%clk 00:41:29]} {[%emt 00:01:51]} Rh8 {[%clk
00:13:08]} {[%emt 00:07:02]} 46. b4+ {[%clk 00:39:24]} {[%emt 00:02:37]} Kb5
{[%clk 00:13:18]} {[%emt 00:00:19]} 47. Bxa7 {[%clk 00:38:48]} {[%emt
00:01:07]} Bc8 {[%clk 00:11:26]} {[%emt 00:02:21]} 48. h4 {[%clk 00:38:06]}
{[%emt 00:01:12]} Rxh4 {[%clk 00:09:26]} {[%emt 00:02:30]} 49. Bxc8 {[%clk
00:38:24]} {[%emt 00:00:12]} Rc4+ {[%clk 00:09:52]} {[%emt 00:00:04]} 50. Kd3
{[%clk 00:37:55]} {[%emt 00:00:59]} Rxc8 {[%clk 00:09:41]} {[%emt 00:00:42]}
51. Ke3 {[%clk 00:37:40]} {[%emt 00:00:44]} Kxa6 {[%clk 00:08:33]} {[%emt
00:01:39]} 52. Kf4 {[%clk 00:38:01]} {[%emt 00:00:08]} Kxa7 {[%clk 00:04:39]}
{[%emt 00:04:24]} 53. Kxf5 {[%clk 00:38:30]} {[%emt 00:00:01]} Ka6 {[%clk
00:04:52]} {[%emt 00:00:17]} 54. g4 {[%clk 00:38:47]} {[%emt 00:00:13]} Kb5
{[%clk 00:03:52]} {[%emt 00:01:31]} 55. f4 {[%clk 00:39:15]} {[%emt 00:00:02]}
Kxb4 {[%clk 00:02:33]} {[%emt 00:01:49]} 56. g5 {[%clk 00:39:43]} Kc5 {[%clk
00:01:40]} {[%emt 00:01:23]} 57. Ke6 {[%clk 00:39:28]} {[%emt 00:00:45]} b5
{[%clk 00:01:42]} {[%emt 00:00:29]} 58. f5 {[%clk 00:39:48]} {[%emt 00:00:10]}
b4 {[%clk 00:01:41]} {[%emt 00:00:31]} 59. f6 {[%clk 00:38:56]} {[%emt
00:01:21]} b3 {[%clk 00:02:01]} {[%emt 00:00:10]} 60. Kd7 {[%clk 00:39:20]}
{[%emt 00:00:06]} Ra8 {[%clk 00:01:47]} {[%emt 00:00:44]} 0-1

[Event "DEM U16 2024"]
[Site "Willingen GER"]
[Date "2024.05.25"]
[Round "9"]
[White "Sommer, Justus"]
[Black "Wunderlich, Elias"]
[Result "0-1"]
[Termination "normal"]
[Board "6"]
[WhiteElo "2069"]
[BlackElo "2007"]
[WhiteClock "00:02:11"]
[BlackClock "00:06:23"]
[PlyCount "146"]
[WhiteFideId "16245008"]
[BlackFideId "34608087"]
[EventCountry "GER"]
[EventRounds "9"]
[EventType "swiss"]
[EventDate "2024.05.18"]

1. e4 {[%clk 01:30:55]} {[%emt 00:00:03]} e6 {[%clk 01:30:54]} {[%emt
00:00:08]} 2. d4 {[%clk 01:31:18]} {[%emt 00:00:05]} d5 {[%clk 01:31:22]}
{[%emt 00:00:03]} 3. Nc3 {[%clk 01:31:40]} {[%emt 00:00:07]} Bb4 {[%clk
01:31:49]} {[%emt 00:00:04]} 4. e5 {[%clk 01:31:59]} {[%emt 00:00:10]} c5
{[%clk 01:32:16]} {[%emt 00:00:04]} 5. a3 {[%clk 01:32:18]} {[%emt 00:00:10]}
Bxc3+ {[%clk 01:32:43]} {[%emt 00:00:04]} 6. bxc3 {[%clk 01:32:37]} {[%emt
00:00:07]} Ne7 {[%clk 01:33:12]} {[%emt 00:00:05]} 7. a4 {[%clk 01:32:36]}
{[%emt 00:00:31]} Qa5 {[%clk 01:33:37]} {[%emt 00:00:05]} 8. Bd2 {[%clk
01:32:24]} {[%emt 00:00:41]} Nbc6 {[%clk 01:34:03]} {[%emt 00:00:05]} 9. Nf3
{[%clk 01:31:36]} {[%emt 00:01:12]} Bd7 {[%clk 01:34:27]} {[%emt 00:00:12]} 10.
Be2 {[%clk 01:31:03]} {[%emt 00:01:02]} f6 {[%clk 01:34:53]} {[%emt 00:00:05]}
11. O-O {[%clk 01:11:02]} {[%emt 00:20:30]} fxe5 {[%clk 01:34:57]} {[%emt
00:00:26]} 12. dxe5 {[%clk 01:10:48]} {[%emt 00:00:43]} Qc7 {[%clk 01:34:48]}
{[%emt 00:00:40]} 13. Re1 {[%clk 01:10:10]} {[%emt 00:01:08]} O-O-O {[%clk
01:33:06]} {[%emt 00:02:13]} 14. Be3 {[%clk 01:06:12]} {[%emt 00:04:27]} Na5
{[%clk 01:29:32]} {[%emt 00:04:05]} 15. Bd3 {[%clk 00:58:29]} {[%emt 00:08:12]}
Rdf8 {[%clk 01:29:10]} {[%emt 00:00:52]} 16. Bg5 {[%clk 00:52:30]} {[%emt
00:06:28]} Be8 {[%clk 01:27:30]} {[%emt 00:02:10]} 17. Nd2 {[%clk 00:47:52]}
{[%emt 00:05:08]} Ng6 {[%clk 00:55:49]} {[%emt 00:32:12]} 18. Qg4 {[%clk
00:45:44]} {[%emt 00:02:36]} Qf7 {[%clk 00:55:27]} {[%emt 00:00:53]} 19. Qg3
{[%clk 00:41:06]} {[%emt 00:05:08]} Ne7 {[%emt 00:10:10]} 20. Qe3 {[%clk
00:36:11]} {[%emt 00:05:23]} b6 {[%clk 00:46:03]} {[%emt 00:00:17]} 21. Bxe7
{[%clk 00:34:23]} {[%emt 00:02:17]} Qxe7 {[%clk 00:46:32]} {[%emt 00:00:02]}
22. c4 {[%clk 00:34:08]} {[%emt 00:00:45]} Bc6 {[%clk 00:45:31]} {[%emt
00:01:31]} 23. cxd5 {[%clk 00:32:17]} {[%emt 00:02:21]} exd5 {[%clk 00:45:59]}
{[%emt 00:00:02]} 24. Qh3+ {[%clk 00:25:06]} {[%emt 00:07:40]} Kb8 {[%clk
00:45:54]} {[%emt 00:00:36]} 25. c4 {[%clk 00:23:37]} {[%emt 00:01:59]} d4
{[%clk 00:45:13]} {[%emt 00:01:11]} 26. Be4 {[%clk 00:20:26]} {[%emt 00:03:39]}
Bxe4 {[%clk 00:44:45]} {[%emt 00:00:59]} 27. Rxe4 {[%clk 00:20:46]} {[%emt
00:00:10]} Qg5 {[%clk 00:43:28]} {[%emt 00:01:47]} 28. Qd3 {[%clk 00:19:10]}
{[%emt 00:02:06]} Qf5 {[%clk 00:40:55]} {[%emt 00:03:04]} 29. f3 {[%clk
00:16:33]} {[%emt 00:03:06]} Qe6 {[%clk 00:41:02]} {[%emt 00:00:23]} 30. Rf1
{[%clk 00:13:14]} {[%emt 00:03:48]} g5 {[%clk 00:40:55]} {[%emt 00:00:39]} 31.
Qe2 {[%clk 00:10:54]} {[%emt 00:02:48]} Rf5 {[%clk 00:39:17]} {[%emt 00:02:08]}
32. f4 {[%clk 00:09:43]} {[%emt 00:01:42]} Rhf8 {[%clk 00:39:06]} {[%emt
00:00:40]} 33. g3 {[%clk 00:10:04]} {[%emt 00:00:09]} Kc7 {[%clk 00:36:01]}
{[%emt 00:03:36]} 34. Kg2 {[%clk 00:08:11]} {[%emt 00:02:23]} Kd7 {[%clk
00:35:20]} {[%emt 00:01:10]} 35. h3 {[%clk 00:07:22]} {[%emt 00:01:18]} h5
{[%clk 00:28:51]} {[%emt 00:07:00]} 36. Rf3 {[%clk 00:06:14]} {[%emt 00:01:38]}
g4 {[%clk 00:28:35]} {[%emt 00:00:46]} 37. hxg4 {[%clk 00:06:06]} {[%emt
00:00:39]} hxg4 {[%clk 00:29:03]} {[%emt 00:00:01]} 38. Rf1 {[%clk 00:06:11]}
{[%emt 00:00:25]} Rh5 {[%clk 00:28:11]} {[%emt 00:01:21]} 39. Rh1 {[%clk
00:04:49]} {[%emt 00:01:53]} Rfh8 {[%clk 00:24:06]} {[%emt 00:04:35]} 40. f5
{[%clk 00:01:23]} {[%emt 00:03:57]} Qh6 {[%clk 00:14:08]} {[%emt 00:10:29]} 41.
e6+ {[%clk 00:24:12]} {[%emt 00:07:41]} Kc7 {[%clk 00:39:05]} {[%emt 00:05:33]}
42. Rxh5 {[%clk 00:17:01]} {[%emt 00:07:41]} Qxh5 {[%clk 00:39:33]} {[%emt
00:00:01]} 43. Nf1 {[%clk 00:17:13]} {[%emt 00:00:18]} Nxc4 {[%clk 00:38:36]}
{[%emt 00:01:27]} 44. Kf2 {[%clk 00:06:45]} {[%emt 00:10:58]} Nd6 {[%clk
00:29:26]} {[%emt 00:09:41]} 45. Rxg4 {[%clk 00:05:17]} {[%emt 00:01:58]} Qxf5+
{[%clk 00:28:44]} {[%emt 00:01:12]} 46. Rf4 {[%clk 00:05:44]} {[%emt 00:00:02]}
Qd5 {[%clk 00:26:34]} {[%emt 00:02:40]} 47. Qg4 {[%clk 00:03:58]} {[%emt
00:02:16]} Rh7 {[%clk 00:24:48]} {[%emt 00:02:17]} 48. Kg1 {[%clk 00:02:33]}
{[%emt 00:01:56]} Re7 {[%clk 00:24:34]} {[%emt 00:00:44]} 49. Rf6 {[%clk
00:02:56]} {[%emt 00:00:08]} Qe5 {[%clk 00:21:33]} {[%emt 00:03:30]} 50. Qg6
{[%clk 00:02:14]} {[%emt 00:01:11]} Kc6 {[%clk 00:17:38]} {[%emt 00:04:26]} 51.
g4 {[%clk 00:01:25]} {[%emt 00:01:19]} c4 {[%clk 00:16:44]} {[%emt 00:01:24]}
52. g5 {[%clk 00:00:52]} {[%emt 00:01:03]} c3 {[%clk 00:15:58]} {[%emt
00:01:16]} 53. a5 {[%clk 00:00:36]} {[%emt 00:00:46]} b5 {[%clk 00:13:37]}
{[%emt 00:02:50]} 54. Rf8 {[%clk 00:00:32]} {[%emt 00:00:35]} Qxe6 {[%clk
00:12:39]} {[%emt 00:01:29]} 55. Rf6 {[%clk 00:00:59]} {[%emt 00:00:03]} Qe5
{[%clk 00:11:34]} {[%emt 00:01:34]} 56. Kf2 {[%clk 00:01:01]} {[%emt 00:00:28]}
Kc5 {[%clk 00:11:07]} {[%emt 00:00:57]} 57. Ng3 {[%clk 00:01:18]} {[%emt
00:00:13]} Qe3+ {[%clk 00:06:39]} {[%emt 00:04:58]} 58. Kg2 {[%clk 00:01:46]}
{[%emt 00:00:01]} Nc4 {[%clk 00:06:32]} {[%emt 00:00:38]} 59. Rf5+ {[%clk
00:01:49]} {[%emt 00:00:27]} Re5 {[%clk 00:06:10]} {[%emt 00:00:51]} 60. Rf3
{[%clk 00:01:27]} {[%emt 00:00:52]} Qd2+ {[%clk 00:06:14]} {[%emt 00:00:25]}
61. Kh3 {[%clk 00:01:39]} {[%emt 00:00:18]} Kb4 {[%clk 00:06:06]} {[%emt
00:00:39]} 62. Qf6 {[%clk 00:00:48]} {[%emt 00:01:21]} Qxg5 {[%clk 00:06:05]}
{[%emt 00:00:31]} 63. Qf8+ {[%clk 00:01:13]} {[%emt 00:00:05]} Qe7 {[%clk
00:06:14]} {[%emt 00:00:20]} 64. Qf4 {[%clk 00:01:13]} {[%emt 00:00:29]} Qe6+
{[%clk 00:06:17]} {[%emt 00:00:27]} 65. Kh2 {[%clk 00:01:19]} {[%emt 00:00:25]}
Qd6 {[%clk 00:05:59]} {[%emt 00:00:48]} 66. Kg2 {[%clk 00:00:51]} {[%emt
00:00:57]} d3 {[%clk 00:05:44]} {[%emt 00:00:45]} 67. Qc1 {[%clk 00:00:48]}
{[%emt 00:00:32]} Qd4 {[%clk 00:05:21]} {[%emt 00:00:54]} 68. Rf4 {[%clk
00:00:54]} {[%emt 00:00:24]} Qd5+ {[%clk 00:05:25]} {[%emt 00:00:26]} 69. Kf2
{[%clk 00:01:05]} {[%emt 00:00:19]} d2 {[%clk 00:05:11]} {[%emt 00:00:45]} 70.
Qb1+ {[%clk 00:01:34]} {[%emt 00:00:01]} Kc5 {[%clk 00:05:27]} {[%emt
00:00:14]} 71. Ne4+ {[%clk 00:01:44]} {[%emt 00:00:20]} Rxe4 {[%clk 00:05:48]}
{[%emt 00:00:10]} 72. Rxe4 {[%clk 00:02:08]} {[%emt 00:00:05]} d1=Q {[%clk
00:06:06]} {[%emt 00:00:11]} 73. Rxc4+ {[%clk 00:02:11]} {[%emt 00:00:27]} bxc4
{[%clk 00:06:23]} {[%emt 00:00:13]} 0-1

[Event "DEM U16 2024"]
[Site "Willingen GER"]
[Date "2024.05.25"]
[Round "9"]
[White "Hoppstädter, Daniel"]
[Black "Mader, Fabian"]
[Result "0-1"]
[Termination "normal"]
[Board "7"]
[WhiteElo "2155"]
[BlackElo "1984"]
[WhiteClock "00:04:15"]
[BlackClock "00:00:47"]
[PlyCount "68"]
[WhiteFideId "16243625"]
[BlackFideId "16265866"]
[EventCountry "GER"]
[EventRounds "9"]
[EventType "swiss"]
[EventDate "2024.05.18"]

1. d4 {[%clk 01:30:57]} {[%emt 00:00:02]} Nf6 {[%clk 01:30:52]} {[%emt
00:00:08]} 2. Nf3 {[%clk 01:31:21]} {[%emt 00:00:07]} g6 {[%clk 01:31:12]}
{[%emt 00:00:11]} 3. Nc3 {[%clk 01:31:45]} {[%emt 00:00:06]} d5 {[%clk
01:31:35]} {[%emt 00:00:07]} 4. Bf4 {[%clk 01:32:09]} {[%emt 00:00:05]} Bg7
{[%clk 01:31:52]} {[%emt 00:00:13]} 5. e3 {[%clk 01:32:37]} {[%emt 00:00:02]}
O-O {[%clk 01:31:53]} {[%emt 00:00:29]} 6. Be2 {[%clk 01:33:01]} {[%emt
00:00:05]} c5 {[%clk 01:31:51]} {[%emt 00:00:32]} 7. Ne5 {[%clk 01:33:17]}
{[%emt 00:00:14]} Nbd7 {[%clk 01:29:13]} {[%emt 00:03:08]} 8. h4 {[%clk
01:28:20]} {[%emt 00:05:26]} h5 {[%clk 01:20:50]} {[%emt 00:08:53]} 9. Bf3
{[%clk 01:20:52]} {[%emt 00:07:57]} Qb6 {[%clk 01:09:02]} {[%emt 00:12:19]} 10.
Qd2 {[%clk 01:09:40]} {[%emt 00:11:43]} Rd8 {[%clk 00:56:05]} {[%emt 00:13:27]}
11. O-O-O {[%clk 01:01:38]} {[%emt 00:08:32]} cxd4 {[%clk 00:46:41]} {[%emt
00:09:54]} 12. exd4 {[%clk 00:51:02]} {[%emt 00:11:06]} Ne4 {[%clk 00:39:29]}
{[%emt 00:07:42]} 13. Bxe4 {[%clk 00:50:59]} {[%emt 00:00:34]} dxe4 {[%clk
00:39:41]} {[%emt 00:00:18]} 14. Nd5 {[%clk 00:50:36]} {[%emt 00:00:52]} Qe6
{[%clk 00:38:46]} {[%emt 00:01:26]} 15. c4 {[%clk 00:46:10]} {[%emt 00:04:56]}
Nxe5 {[%clk 00:32:53]} {[%emt 00:06:23]} 16. dxe5 {[%clk 00:46:31]} {[%emt
00:00:08]} Bd7 {[%clk 00:32:49]} {[%emt 00:00:35]} 17. Kb1 {[%clk 00:40:59]}
{[%emt 00:06:02]} Rac8 {[%clk 00:28:03]} {[%emt 00:05:16]} 18. Qb4 {[%clk
00:34:31]} {[%emt 00:06:58]} Re8 {[%clk 00:16:46]} {[%emt 00:11:47]} 19. Qxb7
{[%clk 00:25:57]} {[%emt 00:09:04]} Rxc4 {[%clk 00:15:09]} {[%emt 00:02:07]}
20. Nc7 {[%clk 00:21:54]} {[%emt 00:04:33]} Rxc7 {[%clk 00:08:44]} {[%emt
00:06:56]} 21. Qxc7 {[%clk 00:22:15]} {[%emt 00:00:08]} Bb5 {[%clk 00:07:25]}
{[%emt 00:01:48]} 22. Ka1 {[%clk 00:16:01]} {[%emt 00:06:45]} a6 {[%clk
00:07:01]} {[%emt 00:00:55]} 23. Rhe1 {[%clk 00:15:43]} {[%emt 00:00:46]} Bd3
{[%clk 00:06:14]} {[%emt 00:01:18]} 24. Bg3 {[%clk 00:15:07]} {[%emt 00:01:06]}
Rc8 {[%clk 00:05:42]} {[%emt 00:01:01]} 25. Qa5 {[%clk 00:15:16]} {[%emt
00:00:21]} Bh6 {[%clk 00:05:39]} {[%emt 00:00:34]} 26. f3 {[%clk 00:11:54]}
{[%emt 00:03:52]} Qc6 {[%clk 00:03:15]} {[%emt 00:02:54]} 27. fxe4 {[%clk
00:11:06]} {[%emt 00:01:18]} Qc2 {[%clk 00:03:17]} {[%emt 00:00:28]} 28. a3
{[%clk 00:09:39]} {[%emt 00:01:57]} Be3 {[%clk 00:02:04]} {[%emt 00:01:43]} 29.
Qd5 {[%clk 00:08:14]} {[%emt 00:01:54]} Rb8 {[%clk 00:01:34]} {[%emt 00:01:01]}
30. Qa2 {[%clk 00:07:28]} {[%emt 00:01:16]} Bd4 {[%clk 00:01:29]} {[%emt
00:00:35]} 31. Rb1 {[%clk 00:07:45]} {[%emt 00:00:12]} Rb3 {[%clk 00:00:46]}
{[%emt 00:01:14]} 32. Bf4 {[%clk 00:06:17]} {[%emt 00:01:58]} Bc4 {[%clk
00:00:45]} {[%emt 00:00:31]} 33. Rec1 {[%clk 00:05:19]} {[%emt 00:01:28]} Qd3
{[%clk 00:00:43]} {[%emt 00:00:32]} 34. Bd2 {[%clk 00:04:15]} {[%emt 00:01:33]}
Rxa3 {[%clk 00:00:47]} {[%emt 00:00:26]} 0-1

[Event "DEM U16 2024"]
[Site "Willingen GER"]
[Date "2024.05.25"]
[Round "9"]
[White "Krüger, Arthur"]
[Black "Jahnz, Laurin"]
[Result "1/2-1/2"]
[Termination "normal"]
[Board "8"]
[WhiteElo "1958"]
[BlackElo "2202"]
[WhiteClock "00:00:52"]
[BlackClock "00:02:21"]
[PlyCount "79"]
[WhiteFideId "16244966"]
[BlackFideId "16261089"]
[EventCountry "GER"]
[EventRounds "9"]
[EventType "swiss"]
[EventDate "2024.05.18"]

1. d4 {[%clk 01:30:57]} {[%emt 00:00:01]} d5 {[%clk 01:30:57]} {[%emt
00:00:04]} 2. Nf3 {[%clk 01:31:23]} {[%emt 00:00:04]} c6 {[%clk 01:31:22]}
{[%emt 00:00:05]} 3. e3 {[%clk 01:28:07]} {[%emt 00:03:46]} e6 {[%clk
01:31:44]} {[%emt 00:00:08]} 4. c4 {[%clk 01:27:14]} {[%emt 00:01:23]} f5
{[%clk 01:31:57]} {[%emt 00:00:17]} 5. Be2 {[%clk 01:17:20]} {[%emt 00:10:24]}
Nf6 {[%clk 01:32:22]} {[%emt 00:00:05]} 6. O-O {[%clk 01:09:17]} {[%emt
00:08:32]} Bd6 {[%clk 01:32:36]} {[%emt 00:00:16]} 7. Ne5 {[%clk 01:02:01]}
{[%emt 00:07:46]} O-O {[%clk 01:32:16]} {[%emt 00:00:50]} 8. Nd2 {[%clk
00:57:25]} {[%emt 00:05:06]} Nbd7 {[%clk 01:29:06]} {[%emt 00:03:41]} 9. f4
{[%clk 00:53:43]} {[%emt 00:04:11]} Ne4 {[%clk 01:27:49]} {[%emt 00:01:47]} 10.
Nxe4 {[%clk 00:49:00]} {[%emt 00:05:14]} fxe4 {[%clk 01:28:05]} {[%emt
00:00:13]} 11. Qb3 {[%clk 00:43:10]} {[%emt 00:06:19]} a5 {[%clk 01:21:30]}
{[%emt 00:07:06]} 12. Bd2 {[%clk 00:35:37]} {[%emt 00:08:02]} Bxe5 {[%clk
01:05:52]} {[%emt 00:16:09]} 13. fxe5 {[%clk 00:35:51]} {[%emt 00:00:17]} b6
{[%clk 01:04:16]} {[%emt 00:02:06]} 14. Bg4 {[%clk 00:24:49]} {[%emt 00:11:32]}
Rxf1+ {[%clk 01:03:06]} {[%emt 00:01:40]} 15. Rxf1 {[%clk 00:25:04]} {[%emt
00:00:14]} Nf8 {[%clk 01:03:33]} {[%emt 00:00:03]} 16. Rc1 {[%clk 00:21:19]}
{[%emt 00:04:16]} Ng6 {[%clk 00:43:00]} {[%emt 00:21:02]} 17. h3 {[%clk
00:14:05]} {[%emt 00:07:44]} Ne7 {[%clk 00:38:45]} {[%emt 00:04:45]} 18. Be1
{[%clk 00:11:47]} {[%emt 00:02:48]} h6 {[%clk 00:37:10]} {[%emt 00:02:05]} 19.
Bh4 {[%clk 00:10:36]} {[%emt 00:01:42]} g5 {[%clk 00:37:28]} {[%emt 00:00:12]}
20. Bf2 {[%clk 00:10:10]} {[%emt 00:00:56]} Kg7 {[%clk 00:32:25]} {[%emt
00:05:33]} 21. Qa3 {[%clk 00:08:29]} {[%emt 00:02:11]} Bd7 {[%clk 00:19:29]}
{[%emt 00:13:25]} 22. cxd5 {[%clk 00:07:23]} {[%emt 00:01:37]} cxd5 {[%clk
00:16:54]} {[%emt 00:03:05]} 23. Rc7 {[%clk 00:03:36]} {[%emt 00:04:17]} Qxc7
{[%clk 00:13:50]} {[%emt 00:03:34]} 24. Qxe7+ {[%clk 00:04:03]} {[%emt
00:00:03]} Kh8 {[%clk 00:14:15]} {[%emt 00:00:05]} 25. Qf6+ {[%clk 00:04:11]}
{[%emt 00:00:22]} Kh7 {[%clk 00:14:29]} {[%emt 00:00:16]} 26. Qf7+ {[%clk
00:03:49]} {[%emt 00:00:52]} Kh8 {[%clk 00:14:55]} {[%emt 00:00:04]} 27. Qg6
{[%clk 00:02:15]} {[%emt 00:02:04]} Qd8 {[%clk 00:08:49]} {[%emt 00:06:36]} 28.
Qxh6+ {[%emt 00:00:07]} Kg8 {[%clk 00:09:16]} {[%emt 00:00:01]} 29. Qg6+ {[%clk
00:02:13]} {[%emt 00:00:57]} Kh8 {[%clk 00:09:22]} {[%emt 00:00:23]} 30. Qh6+
{[%clk 00:02:40]} {[%emt 00:00:04]} Kg8 {[%clk 00:09:49]} {[%emt 00:00:03]} 31.
Qg6+ {[%clk 00:02:57]} {[%emt 00:00:12]} Kh8 {[%clk 00:10:14]} {[%emt
00:00:05]} 32. Qh6+ {[%clk 00:03:24]} {[%emt 00:00:03]} Kg8 {[%clk 00:10:40]}
{[%emt 00:00:05]} 33. Bxe6+ {[%clk 00:03:03]} {[%emt 00:00:52]} Bxe6 {[%clk
00:11:04]} {[%emt 00:00:05]} 34. Qxe6+ {[%clk 00:03:31]} {[%emt 00:00:02]} Kg7
{[%clk 00:11:28]} {[%emt 00:00:06]} 35. h4 {[%clk 00:02:53]} {[%emt 00:01:07]}
Rc8 {[%clk 00:05:35]} {[%emt 00:06:24]} 36. h5 {[%clk 00:02:52]} {[%emt
00:00:31]} Rc1+ {[%clk 00:02:56]} {[%emt 00:03:09]} 37. Kh2 {[%clk 00:03:20]}
{[%emt 00:00:02]} Qf8 {[%clk 00:01:40]} {[%emt 00:01:45]} 38. Qg6+ {[%clk
00:03:02]} {[%emt 00:00:48]} Kh8 {[%clk 00:02:06]} {[%emt 00:00:04]} 39. h6
{[%clk 00:01:02]} {[%emt 00:02:30]} Rc7 {[%clk 00:02:21]} {[%emt 00:00:15]} 40.
Kg1 {[%clk 00:00:52]} {[%emt 00:00:41]} 1/2-1/2